Nghiên cứu nuôi tảo Chlorella dị dưỡng bằng việc sử dụng nguồn carbon rẻ tiền trong điều kiện thích hợp : Báo cáo tổng kết đề tài Khoa học và Công nghệ cấp trường

Nghiên cứu khả năng sử dụng các nguồn carbon rẻ tiền, dễ tìm và phù hợp với sự phát triển của tảo nhằm tăng năng suất nuôi, giảm giá thành sản xuất tảo Chlorella.

Đã lưu trong:
书目详细资料
主要作者: Trần, Sương Ngọc
格式: 图书
语言:Undetermined
出版: Cần Thơ Trường Đại học Cần Thơ 2017
主题:
标签: 添加标签
没有标签, 成为第一个标记此记录!
Thư viện lưu trữ: Trung tâm Học liệu Trường Đại học Cần Thơ
LEADER 01095nam a2200217Ia 4500
001 CTU_230281
008 210402s9999 xx 000 0 und d
082 |a 579.8 
082 |b Ng419 
088 |a T2016-97 
100 |a Trần, Sương Ngọc 
245 0 |a Nghiên cứu nuôi tảo Chlorella dị dưỡng bằng việc sử dụng nguồn carbon rẻ tiền trong điều kiện thích hợp : 
245 0 |b Báo cáo tổng kết đề tài Khoa học và Công nghệ cấp trường 
245 0 |c Trần Sương Ngọc (Chủ nhiệm đề tài) 
260 |a Cần Thơ 
260 |b Trường Đại học Cần Thơ 
260 |c 2017 
520 |a Nghiên cứu khả năng sử dụng các nguồn carbon rẻ tiền, dễ tìm và phù hợp với sự phát triển của tảo nhằm tăng năng suất nuôi, giảm giá thành sản xuất tảo Chlorella. 
650 |a Tảo học,Algology 
910 |b nthai 
980 |a Trung tâm Học liệu Trường Đại học Cần Thơ